Guía de instrumentación quirúrgica : (Registro nro. 10754)

Detalles MARC
000 -LEADER
fixed length control field 01230nam a2200325 4500
001 - CONTROL NUMBER
control field 0000021690
003 - CONTROL NUMBER IDENTIFIER
control field CO-CtgCURN
005 - DATE AND TIME OF LATEST TRANSACTION
control field 20250407171033.0
007 - PHYSICAL DESCRIPTION FIXED FIELD--GENERAL INFORMATION
fixed length control field ta
008 - FIXED-LENGTH DATA ELEMENTS--GENERAL INFORMATION
fixed length control field 160627s1997 000 0 eng d
020 ## - INTERNATIONAL STANDARD BOOK NUMBER
International Standard Book Number 9589578539
040 ## - CATALOGING SOURCE
Original cataloging agency CO-CtgCURN
Language of cataloging spa
Transcribing agency coctgcurn
082 0# - DEWEY DECIMAL CLASSIFICATION NUMBER
Classification number 610
Item number R81g
100 1# - MAIN ENTRY--PERSONAL NAME
Personal name Rubio Mydor, Ivan N.
245 10 - TITLE STATEMENT
Title Guía de instrumentación quirúrgica :
Remainder of title técnicas en cirugía plástica y gineco-obstetricia /
Statement of responsibility, etc. Ivan N. Rubio Mydor, Martha C. Novoa Fernández y María Aljadys Acevedo.
260 ## - PUBLICATION, DISTRIBUTION, ETC.
Place of publication, distribution, etc. Barranquilla :
Name of publisher, distributor, etc. Editorial Efemerides,
Date of publication, distribution, etc. 1997.
300 ## - PHYSICAL DESCRIPTION
Extent xii, 119 p.
336 ## - CONTENT TYPE
Source rdacontent
337 ## - MEDIA TYPE
Source rdamedia
Media type term sin mediacion
Media type code n
338 ## - CARRIER TYPE
Source rdacarrier
Carrier type term volumen
Carrier type code nc
505 8# - FORMATTED CONTENTS NOTE
Formatted contents note Conocimiento de generalidades quirurgicas y tecnicas de instrumentacion
650 14 - SUBJECT ADDED ENTRY--TOPICAL TERM
Topical term or geographic name entry element Instrumentacion quirurgica.
700 1# - ADDED ENTRY--PERSONAL NAME
Personal name Novoa Fernández, Martha C.
730 0# - ADDED ENTRY--UNIFORM TITLE
Uniform title Tecnicas en cirugia plastica y gineco-obstetricia.
908 ## - PUT COMMAND PARAMETER (RLIN)
Put command parameter 160627
942 ## - ADDED ENTRY ELEMENTS (KOHA)
Koha item type Libros
Classification part 610
Item part R81g
Source of classification or shelving scheme Dewey Decimal Classification
Suppress in OPAC No
Existencias
Withdrawn status Lost status Source of classification or shelving scheme Damaged status Not for loan Collection Home library Current library Shelving location Date acquired Inventory number Total checkouts Full call number Barcode Date last seen Copy number Price effective from Koha item type Public note
    Dewey Decimal Classification     General Miguel Henríquez Emiliani Miguel Henríquez Emiliani General 03/29/2025 011399   610 R81g 011399 03/29/2025 ej.1 03/29/2025 Libros 610-CIENME
    Dewey Decimal Classification     General Miguel Henríquez Emiliani Miguel Henríquez Emiliani General 03/29/2025 011400   610 R81g 011400 03/29/2025 ej.2 03/29/2025 Libros 610-CIENME
    Dewey Decimal Classification     General Miguel Henríquez Emiliani Miguel Henríquez Emiliani General 03/29/2025 011401   610 R81g 011401 03/29/2025 ej.3 03/29/2025 Libros 610-CIENME